|
|
|
|
| LEADER |
00000cam a2200000 7i4500 |
| 001 |
0000000710 |
| 005 |
20000925.0 |
| 090 |
0 |
0 |
|a 354.595006
|b MAL 1991
|
| 110 |
1 |
0 |
|a MALAYSIA
|
| 245 |
1 |
0 |
|a Pembaharuan dan kemajuan dalam perkhidmatan awam 1990
|
| 260 |
0 |
0 |
|a [Kuala Lumpur] :
|b dicetak oleh Jabatan Percetakan Negara Malaysia ,
|c 1991
|
| 300 |
|
|
|a ix, 317 p. :
|b ill. ;
|c 24 cm.
|
| 650 |
0 |
0 |
|a Administrative agencies
|z Malaysia
|
| 650 |
0 |
0 |
|a Civil service
|z Malaysia
|
| 650 |
0 |
0 |
|a Public administration
|z Malaysia
|
| 999 |
|
|
|a 0000000035
|b Monograph
|c Open Shelf
|e Default branch
|
| 999 |
|
|
|a 0000003944
|b Monograph
|c Open Shelf
|e Default branch
|